000 00664nam a2200193 4500
001 111933
003 ES-MaACL
005 20250812014420.0
007 t|
008 061121s1925 ec r ||||1| spa d
100 1 _aNavarro, José Gabriel.
_985072
245 1 0 _aContribuciones a la historia del arte en el Ecuador.
_nI /
_cJosé Gabriel Navarro.
260 _aQuito (Ecuador) :
_bSociedad Ecuatoriana de Estudios Históricos,
_c1925.
300 _aXI, 179 p. 54 lám. ;
_c23 cm.
650 7 _aArte ecuatoriano
_2embne
_9173359
710 2 _aSociedad Ecuatoriana de Estudios Históricos (Quito)
_96702
852 _aES-MaACL
_jC-6747
999 _c111933
_d111933